Statistics for Music in Donkey Kong Country Games

Click here to take the quiz!

General Stats

  • This quiz has been taken 51 times
  • The average score is 18 of 41

Answer Stats

GameType of LevelMusic% Correct
DKCWaterAquatic Ambience
86%
DKC2BramblesStickerbrush Symphony
75%
DKCFactoryFear Factory
71%
DKCMinesLife in the Mines
71%
DKCTreetopTreetop Rock
68%
DKCJungleDK Island Swing
64%
DKC2LavaHot-Head Bop
64%
DKCCaveCave Dweller Concert
61%
DKC2ForestForest Interlude
57%
DKC2MinesMining Melancholy
57%
DKCIceIce Cave Chant
54%
DKC2IceIn a Snow-Bound Land
54%
DKC2SwampBayou Boogie
50%
DKCForestForest Frenzy
50%
DKCMinecartMine Cart Madness
50%
DKC3StiltStilt Village
50%
DKCTempleVoices of the Temple
50%
DKC2Ship MastJib Jig
46%
DKC2Ship Deck IISnakey Chantey
46%
DKC2Haunted LibraryHaunted Chase
43%
DKC2Ship HoldLockjaw's Saga
43%
DKCSnowyNorthern Hemispheres
43%
DKC2CastleKrook's March
39%
DKCMines IIMisty Menace
39%
DKC2RollercoasterDisco Train
36%
DKC2HiveFlight of the Zinger
36%
DKC3FactoryNuts and Bolts
36%
DKC3MillMill Fever
32%
DKC2JunglePrimal Rave
32%
DKC3CliffRockface Rumble
32%
DKC3HasteHot Pursuit
29%
DKC2Ship DeckKlomp's Romp
29%
DKC3TreeTreetop Tumble
29%
DKC3CoralWater World
29%
DKC3CaveCavern Caprice
25%
DKC3RiverbankEnchanted Riverbank
25%
DKC3SnowFrosty Frolics
25%
DKC3TubePokey Pipes
25%
DKC3JungleJungle Jitter
21%
DKC3WaterfallsCascade Capers
18%
DKC3RocketRocket Run
18%

Score Distribution

Percentile by Number Answered

Percent of People with Each Score

Your Score History

You have not taken this quiz